[Event "CRO-chT2"]
[Site "Tucepi"]
[Date "1996.??.??"]
[Round "?"]
[White "Sinanovic, Muhamed"]
[Black "Damjanovic, Mato"]
[Result "1-0"]
[WhiteElo "2390"]
[BlackElo "2325"]
[PlyCount "74"]
[EventDate "1996.??.??"]
[Source "www.chesslib.no"]
[SourceDate "2004.05.04"]

1. c4 e5 2. Nf3 Nc6 3. d4 exd4 4. Nxd4 Bb4+ 5. Bd2 Bxd2+ 6. Qxd2 Nge7 7. Nc3 O-O 8. g3 Ne5 9. b3 d5 10. cxd5 Nxd5 11. Bg2 Nxc3 12. Qxc3 Qe7 13. b4 c6 14. O-O Bd7 15. f4 Ng4 16. e4 Nf6 17. Rae1 Rfe8 18. a3 Rac8 19. e5 Nd5 20. Qb2 Nb6 21. Nb3 Na4 22. Qb1 g6 23. Nd2 Bf5 24. Qb3 Nb6 25. Ne4 Bxe4 26. Rxe4 Qe6 27. Qc2 Nd5 28. h3 Red8 29. Rfe1 h5 30. Kh2 Ne7 31. R4e2 Nf5 32. Qc3 Rd7 33. Be4 Rcd8 34. Rg2 Rd4 35. Qc2 Rc4 36. Qd1 Rc3 37. Qa1 Re3 1-0

[Event "Novak Nikolic mem 1st"]
[Site "Belgrade"]
[Date "1998.02.06"]
[Round "1"]
[White "Mitrovic, Petar"]
[Black "Maric, Dragan"]
[Result "0-1"]
[WhiteElo "2390"]
[BlackElo "2325"]
[PlyCount "72"]
[EventDate "1998.02.06"]
[Source "ChessBase"]
[SourceDate "1998.04.29"]

1. c4 e5 2. Nf3 e4 3. Nd4 Nc6 4. Nxc6 dxc6 5. Nc3 Nf6 6. Qc2 Bf5 7. Nd1 Bg6 8. Ne3 Bc5 9. g3 h5 10. h4 O-O 11. Bh3 Nd7 12. b3 f5 13. Bb2 f4 14. gxf4 Rxf4 15. Rg1 Nf8 16. Qc3 Rf7 17. O-O-O Be7 18. Bf5 Bf6 19. Qc2 Bxb2+ 20. Qxb2 Qf6 21. Rg5 Bxf5 22. Nxf5 Ne6 23. Rxh5 Qg6 24. Qe5 Raf8 25. Ng3 Rxf2 26. Rg1 R8f4 27. Kb2 Rg4 28. Kc3 Kf7 29. Nh1 Rff4 30. Rxg4 Qxg4 31. e3 Rf3 32. Rh8 Rf5 33. Qh2 Qd1 34. b4 Qc1+ 35. Kb3 Qb1+ 36. Kc3 Rf1 0-1

[Event "Djakovo Open"]
[Site "Djakovo"]
[Date "1994.??.??"]
[Round "4"]
[White "Lisenko, Alexander V"]
[Black "Vargic, Drago"]
[Result "1-0"]
[WhiteElo "2415"]
[BlackElo "2295"]
[PlyCount "109"]
[EventDate "1994.11.??"]
[Source "www.chesslib.no"]
[SourceDate "2004.05.04"]

1. c4 e5 2. Nf3 d6 3. d4 e4 4. Ng5 f5 5. Nh3 Nf6 6. Bg5 h6 7. Bxf6 Qxf6 8. Nf4 Be6 9. Qb3 Bc8 10. e3 c6 11. h4 g6 12. h5 g5 13. Ng6 Rh7 14. Nc3 Na6 15. O-O-O Rc7 16. g4 Be6 17. Bg2 Qf7 18. gxf5 Bxc4 19. Qc2 Bd3 20. Qd2 d5 21. Ne5 Qxf5 22. Nxd3 exd3 23. Bf1 O-O-O 24. Bxd3 Qf6 25. Bxa6 bxa6 26. Qe2 Kb7 27. Rhf1 Bb4 28. f4 gxf4 29. Rxf4 Qg5 30. Qf3 Re8 31. Rd3 Qg1+ 32. Nd1 Qe1 33. Rf6 Rg8 34. a3 Ba5 35. Rxh6 Rg3 36. Qf2 Qxf2 37. Nxf2 Rg2 38. Rb3+ Bb6 39. Nd3 Rf7 40. Kb1 Rg1+ 41. Ka2 a5 42. a4 Rh1 43. Rc3 Re7 44. Rcxc6 Rxe3 45. Nc5+ Bxc5 46. Rxc5 Ree1 47. Rxa5 Ra1+ 48. Kb3 Rh3+ 49. Kb4 Rb1 50. Rb5+ Kc7 51. Kc5 Rbh1 52. Rh7+ Kc8 53. Kd6 Rxh5 54. Rc7+ Kd8 55. Rb8# 1-0

[Event "FRA"]
[Site "FRA"]
[Date "1993.??.??"]
[Round "?"]
[White "Michalet, Guy"]
[Black "Chabanon, Jean Luc"]
[Result "1/2-1/2"]
[WhiteElo "2275"]
[BlackElo "2425"]
[PlyCount "64"]
[EventDate "1993.??.??"]
[Source "www.chesslib.no"]
[SourceDate "2004.05.04"]

1. c4 e5 2. Nf3 Nc6 3. d4 exd4 4. Nxd4 g6 5. e4 Bg7 6. Be3 Nge7 7. Nc3 O-O 8. Be2 d6 9. O-O f5 10. f3 fxe4 11. fxe4 Rxf1+ 12. Bxf1 Nxd4 13. Bxd4 Bxd4+ 14. Qxd4 Be6 15. Be2 Nc6 16. Qe3 Qf6 17. Rd1 b6 18. Nd5 Qg7 19. b3 a5 20. Qg3 Nd4 21. Qd3 Bxd5 22. exd5 Re8 23. Bg4 Qf6 24. h3 Nf5 25. Bxf5 Qxf5 26. Qxf5 gxf5 27. Kf2 Kg7 28. Rd4 Kf6 29. g3 h5 30. a4 Re7 31. Rf4 Kg5 32. Rd4 Re5 1/2-1/2

[Event "Evry"]
[Site "?"]
[Date "2005.02.21"]
[Round "1"]
[White "Murey Jacob"]
[Black "Camus de Solliers Guillaume"]
[Result "1-0"]
[WhiteElo "2450"]
[BlackElo "2245"]
[PlyCount "125"]
[EventDate "2005.??.??"]
[Source "www.chesslib.no"]
[SourceDate "2004.05.04"]

1. c4 e5 2. Nf3 Nc6 3. g3 g6 4. d4 exd4 5. Nxd4 Bg7 6. Nxc6 dxc6 7. Qb3 Ne7 8. Bg2 O-O 9. O-O Nf5 10. e3 Qe7 11. Bd2 Be6 12. Bc3 Rab8 13. Bxg7 Nxg7 14. Qc3 Rfd8 15. Nd2 Nh5 16. Nb3 Nf6 17. Rad1 a6 18. Rd4 Rxd4 19. Nxd4 c5 20. Nxe6 Qxe6 21. Qa5 Qd6 22. Bf3 b5 23. Rd1 Qb6 24. Qc3 Re8 25. b3 Re6 26. e4 c6 27. e5 Ne8 28. Bg4 Re7 29. f4 Ng7 30. Rd6 Ne6 31. Bxe6 Rxe6 32. Kg2 Qc7 33. Rd2 Qe7 34. Qd3 Kg7 35. Qd7 f6 36. Qxe7+ Rxe7 37. exf6+ Kxf6 38. Rd6+ Kf7 39. Kf3 Rc7 40. f5 Ke7 41. Re6+ Kf7 42. Kf4 a5 43. g4 a4 44. Kg5 gxf5 45. gxf5 Rc8 46. Kf4 bxc4 47. bxc4 Rd8 48. Rxc6 Rd2 49. h4 Rxa2 50. Rxc5 Rf2+ 51. Ke5 Re2+ 52. Kf4 Rf2+ 53. Kg5 Rg2+ 54. Kh6 a3 55. h5 a2 56. Ra5 Kf6 57. Kxh7 Rh2 58. Kh6 Rb2 59. c5 Rb7 60. Ra6+ Kxf5 61. Rxa2 Rc7 62. Rf2+ Kg4 63. Kg6 1-0

[Event "NRW-Liga II 9596"]
[Site "GER"]
[Date "1996.??.??"]
[Round "?"]
[White "Weber, Peter"]
[Black "Richter, Wolfgang"]
[Result "1/2-1/2"]
[WhiteElo "2215"]
[BlackElo "2465"]
[PlyCount "32"]
[EventDate "1995.??.??"]
[Source "www.chesslib.no"]
[SourceDate "2004.05.04"]

1. c4 e5 2. Nf3 e4 3. Nd4 Nc6 4. Nxc6 dxc6 5. Nc3 Nf6 6. d4 exd3 7. e4 Bc5 8. Qxd3 Qxd3 9. Bxd3 Ng4 10. O-O Ne5 11. Be2 Be6 12. b3 O-O-O 13. Rd1 Ng4 14. Rxd8+ Rxd8 15. Nd1 Rd4 16. Bf3 Rd3 1/2-1/2

[Event "POL-chTJ"]
[Site "?"]
[Date "1998.08.29"]
[Round "10"]
[White "Stefanek Piotr"]
[Black "Jedryczka Krystian"]
[Result "1/2-1/2"]
[WhiteElo "2215"]
[BlackElo "2465"]
[PlyCount "34"]
[EventDate "1998.??.??"]
[Source "www.chesslib.no"]
[SourceDate "2004.05.04"]

1. c4 e5 2. Nf3 Nc6 3. d4 Bb4+ 4. Bd2 Bxd2+ 5. Qxd2 exd4 6. Nxd4 Qf6 7. Nb5 Qd8 8. N1c3 a6 9. Nd4 Nxd4 10. Qxd4 Nf6 11. g3 O-O 12. Bg2 d6 13. O-O Re8 14. b3 Rb8 15. Rfd1 Bd7 16. Rd2 Ng4 17. c5 Qg5 1/2-1/2

[Event "Spring Open"]
[Site "Budapest HUN"]
[Date "1989.??.??"]
[Round "?"]
[White "Witke, Thomas"]
[Black "Utasi, Tamas"]
[Result "0-1"]
[WhiteElo "2330"]
[BlackElo "2345"]
[PlyCount "56"]
[EventDate "1989.03.??"]
[Source "www.chesslib.no"]
[SourceDate "2004.05.04"]

1. c4 e5 2. Nf3 e4 3. Nd4 Nc6 4. e3 Nxd4 5. exd4 Qf6 6. d5 Bc5 7. Qe2 Qg6 8. Nc3 Nf6 9. d3 O-O 10. dxe4 Ng4 11. Nd1 d6 12. f3 Ne5 13. g4 Qf6 14. Bg2 Qh4+ 15. Kd2 b5 16. cxb5 a6 17. Kc2 axb5 18. Be3 b4 19. Bxc5 dxc5 20. Qf2 Qf6 21. Qxc5 b3+ 22. Kxb3 Ba6 23. Qc3 Rfb8+ 24. Kc2 Bd3+ 25. Kc1 Rb5 26. Kd2 Qf4+ 27. Ke1 Nxf3+ 28. Kf2 Nd4+ 0-1

[Event "Ischia Open"]
[Site "Ischia ITA"]
[Date "1994.??.??"]
[Round "?"]
[White "Goh Yoon Wah"]
[Black "Meduna, Eduard"]
[Result "0-1"]
[WhiteElo "2225"]
[BlackElo "2450"]
[PlyCount "62"]
[EventDate "1994.??.??"]
[Source "www.chesslib.no"]
[SourceDate "2004.05.04"]

1. c4 e5 2. Nf3 d6 3. g3 g6 4. Bg2 Bg7 5. O-O f5 6. Nc3 Nc6 7. e4 Nf6 8. exf5 gxf5 9. d4 e4 10. Ng5 O-O 11. f3 h6 12. Nh3 exf3 13. Bxf3 Ng4 14. Bxc6 bxc6 15. Nf4 Qf6 16. Nce2 Qf7 17. Qa4 Bd7 18. Qa6 Rfe8 19. Bd2 Re4 20. h3 Nf6 21. Ba5 Rae8 22. Rf2 R4e7 23. Rd1 Ne4 24. Rg2 Ng5 25. b3 Rxe2 26. Nxe2 Qh5 27. g4 Nxh3+ 28. Kf1 fxg4 29. c5 Qf7+ 30. Ke1 Nf4 31. Rf2 g3 0-1

[Event "Dyfed Open"]
[Site "?"]
[Date "2001.02.24"]
[Round "2"]
[White "May Frank GER"]
[Black "Hunt Harriet"]
[Result "1-0"]
[WhiteElo "2241"]
[BlackElo "2426"]
[PlyCount "47"]
[EventDate "2001.??.??"]
[Source "www.chesslib.no"]
[SourceDate "2004.05.04"]

1. c4 e5 2. Nf3 Nc6 3. d4 e4 4. Nfd2 f5 5. e3 Nf6 6. Nc3 g6 7. Rb1 a5 8. a3 Qe7 9. c5 d5 10. cxd6 cxd6 11. Nc4 Bh6 12. Nb6 Rb8 13. Bc4 Kf8 14. b4 axb4 15. axb4 Kg7 16. O-O Rf8 17. b5 Na5 18. Ba2 Qc7 19. Nca4 Bd7 20. Bd2 Ra8 21. Rc1 Qb8 22. Nxa8 Bxb5 23. Nc7 Bxf1 24. Qxf1 1-0

[Event "Le Touquet FRA, Open A 2005"]
[Site "?"]
[Date "2005.10.23"]
[Round "1.4"]
[White "Murey Jacob"]
[Black "Leburgue Sylvain"]
[Result "1/2-1/2"]
[WhiteElo "2484"]
[BlackElo "2183"]
[PlyCount "73"]
[EventDate "2005.??.??"]
[Source "www.chesslib.no"]
[SourceDate "2004.05.04"]

1. c4 e5 2. Nf3 Nc6 3. g3 g6 4. d4 exd4 5. Nxd4 Bg7 6. Nxc6 bxc6 7. Bg2 Ne7 8. Nc3 O-O 9. O-O d6 10. Qa4 h6 11. Qa5 Be6 12. b3 Qb8 13. Bd2 Qb6 14. Qa3 Rad8 15. Rad1 Rfe8 16. Qc1 Kh7 17. Na4 Qa6 18. Bc3 Bxc3 19. Qxc3 Qc8 20. Qf6 Ng8 21. Qb2 Bh3 22. Bxc6 Bxf1 23. Bxe8 Bxe2 24. Qxe2 Rxe8 25. Qf3 Kg7 26. c5 Nf6 27. cxd6 cxd6 28. Rxd6 Ne4 29. Rd1 Qc2 30. Rd7 Nf6 31. Rxa7 Re1+ 32. Kg2 Qb1 33. h3 Rh1 34. Qe2 Rg1+ 35. Kh2 Rh1+ 36. Kg2 Rg1+ 37. Kh2 1/2-1/2

[Event "II Open ROMGAZ"]
[Site "Bucarest ROM"]
[Date "2008.09.12"]
[Round "2"]
[White "Sergeev, Vl"]
[Black "Bulmaga, I."]
[Result "1-0"]
[WhiteElo "2508"]
[BlackElo "2157"]
[PlyCount "83"]
[EventDate "2008.09.11"]
[Source "www.chesslib.no"]
[SourceDate "2004.05.04"]

1. c4 e5 2. Nf3 Nc6 3. d4 exd4 4. Nxd4 Bb4+ 5. Bd2 Bxd2+ 6. Qxd2 Nf6 7. Nc3 O-O 8. e3 d6 9. Be2 a6 10. O-O Bd7 11. Rfd1 Rb8 12. Nd5 Re8 13. Rac1 Ne5 14. b3 Ng6 15. f3 Be6 16. e4 c6 17. Ne3 d5 18. exd5 cxd5 19. c5 Ne5 20. Bf1 Rc8 21. Nef5 Bxf5 22. Nxf5 Rc6 23. Qg5 Ng6 24. Nd4 Rc7 25. b4 Nf8 26. Qd2 Ne6 27. Nb3 Qd7 28. Kh1 Rd8 29. Na5 d4 30. Nxb7 Qd5 31. Nxd8 Qxd8 32. Bxa6 Nd5 33. Bc4 Qa8 34. Bxd5 Qxd5 35. a4 g6 36. h3 Qe5 37. c6 Qg3 38. Qe1 Qg5 39. h4 Qd5 40. Qe4 Qa2 41. b5 Qxa4 42. b6 1-0

[Event "NBC"]
[Site "?"]
[Date "2002.04.15"]
[Round "?"]
[White "Doorn Jos P. M. van (NED)"]
[Black "Gerards André (NED)"]
[Result "0-1"]
[WhiteElo "2256"]
[BlackElo "2406"]
[PlyCount "54"]
[EventDate "2002.??.??"]
[Source "www.chesslib.no"]
[SourceDate "2004.05.04"]

1. c4 e5 2. Nf3 e4 3. Nd4 Nc6 4. Nxc6 dxc6 5. Nc3 Nf6 6. Qc2 Bf5 7. h3 Bg6 8. d3 Bc5 9. dxe4 Nxe4 10. Nxe4 Qh4 11. g3 Bxe4 12. gxh4 Bxc2 13. Bd2 Bd4 14. Bc3 Bxc3+ 15. bxc3 Rd8 16. Rg1 O-O 17. Rg4 c5 18. Rg5 b6 19. Bg2 Rfe8 20. e3 Rd6 21. Rd5 Ree6 22. h5 Bd3 23. Rd1 Bxc4 24. Rxd6 cxd6 25. Bd5 Bxd5 26. Rxd5 b5 27. h6 Rxh6 0-1

[Event "Moscow RUS"]
[Site "?"]
[Date "1999.??.??"]
[Round "?"]
[White "Gutop Yuri V"]
[Black "Rutman Aleksandr"]
[Result "1/2-1/2"]
[WhiteElo "2318"]
[BlackElo "2332"]
[PlyCount "57"]
[EventDate "1999.??.??"]
[Source "www.chesslib.no"]
[SourceDate "2004.05.04"]

1. c4 e5 2. Nf3 e4 3. Nd4 Nc6 4. Nc2 Nf6 5. Nc3 Bc5 6. g3 d6 7. Bg2 Bf5 8. Ne3 Bxe3 9. dxe3 Qd7 10. Nd5 Nxd5 11. cxd5 Ne7 12. Qd4 O-O 13. Bxe4 Bxe4 14. Qxe4 Rae8 15. Qd3 Qh3 16. Bd2 Qg2 17. Rf1 Qxd5 18. Bc3 f5 19. h4 Qf7 20. b3 Nc6 21. O-O-O Ne5 22. Bxe5 Rxe5 23. Kb1 Rfe8 24. Rd2 d5 25. Rc1 c6 26. Qd4 Qg6 27. Rdc2 a6 28. Qb6 Qf7 29. Rd1 1/2-1/2

[Event "AUT Team Ch"]
[Site "Austria"]
[Date "1989.??.??"]
[Round "?"]
[White "Kwatschewsky, Leo"]
[Black "Petschar, Kurt"]
[Result "0-1"]
[WhiteElo "2355"]
[BlackElo "2290"]
[PlyCount "64"]
[EventDate "1989.??.??"]
[Source "www.chesslib.no"]
[SourceDate "2004.05.04"]

1. c4 e5 2. Nf3 e4 3. Nd4 Nc6 4. Nc2 Nf6 5. Nc3 Bc5 6. d4 exd3 7. exd3 d5 8. d4 Be7 9. c5 Bg4 10. Be2 Bxe2 11. Qxe2 O-O 12. O-O Re8 13. Qd3 Ne4 14. b4 Nxc3 15. Qxc3 Bf6 16. b5 Ne7 17. Bf4 Qd7 18. a4 c6 19. Rab1 Nf5 20. Rfd1 Re4 21. Bg3 h5 22. bxc6 bxc6 23. f3 Re2 24. Re1 Nxg3 25. hxg3 Rxe1+ 26. Rxe1 Rb8 27. Rd1 Qb7 28. Kf2 Qb2 29. Qd2 Qa2 30. Qe2 Rb2 31. Ra1 Bxd4+ 32. Kf1 Qxa1+ 0-1

[Event "Bucharest Tim"]
[Site "Bucharest"]
[Date "1993.??.??"]
[Round "5"]
[White "Lisenko, Alexander V"]
[Black "Chachere, Lawrence"]
[Result "1-0"]
[WhiteElo "2400"]
[BlackElo "2225"]
[PlyCount "93"]
[EventDate "1993.??.??"]
[Source "ChessBase"]

1. c4 e5 2. Nf3 d6 3. d4 e4 4. Ng5 f5 5. Nh3 c6 6. Nc3 Nf6 7. Bg5 Be7 8. Nf4 O-O 9. e3 Na6 10. Be2 Nc7 11. Qb3 Rb8 12. h4 Ne6 13. c5 d5 14. Nxe6 Bxe6 15. Bf4 Ng4 16. Bxg4 fxg4 17. Nxe4 Qd7 18. Ng3 Rbe8 19. Ne2 Bf5 20. Nc3 Bd8 21. Be5 b6 22. cxb6 axb6 23. O-O-O Kh8 24. f3 Be6 25. Rdf1 Bg8 26. Qd1 h6 27. fxg4 Rxf1 28. Qxf1 Qxg4 29. Qf3 Qg6 30. h5 Qf7 31. Qxf7 Bxf7 32. Ne2 Bg5 33. Kd2 Be6 34. Nf4 Bxf4 35. exf4 Kg8 36. Rc1 Rc8 37. Rc3 Bg4 38. Rg3 Bxh5 39. Rxg7+ Kf8 40. Rh7 Bg4 41. Rxh6 Ke7 42. Rg6 Bf5 43. Rg7+ Kf8 44. g4 Be4 45. Rb7 b5 46. f5 Ra8 47. Bd6+ 1-0

[Event "Zalakaros op 18th"]
[Site "?"]
[Date "1999.05.12"]
[Round "1"]
[White "Horvath Gyula"]
[Black "Tavcar Rado"]
[Result "1-0"]
[WhiteElo "2466"]
[BlackElo "2150"]
[PlyCount "65"]
[EventDate "1999.??.??"]
[Source "www.chesslib.no"]
[SourceDate "2004.05.04"]

1. c4 e5 2. Nf3 e4 3. Nd4 Nc6 4. Nxc6 dxc6 5. Nc3 Nf6 6. Qc2 Bf5 7. e3 Bb4 8. a3 Bxc3 9. Qxc3 Qe7 10. h3 h5 11. b3 h4 12. Bb2 Rh6 13. O-O-O Rg6 14. Qe5 Qxe5 15. Bxe5 O-O-O 16. g4 hxg3 17. fxg3 Nd7 18. Bf4 Nc5 19. g4 Be6 20. Kc2 Nd3 21. Rh2 f5 22. g5 Bf7 23. Be2 Re6 24. h4 g6 25. h5 gxh5 26. Bxh5 Bxh5 27. Rxh5 Nxf4 28. exf4 e3 29. dxe3 Rxd1 30. Kxd1 Rxe3 31. g6 Rg3 32. Rg5 Rd3+ 33. Kc2 1-0

[Event "FRA, Nationale II 2004/2005"]
[Site "?"]
[Date "2005.02.06"]
[Round "7.1"]
[White "Murey Jacob"]
[Black "Herrou Christophe"]
[Result "1-0"]
[WhiteElo "2450"]
[BlackElo "2160"]
[PlyCount "78"]
[EventDate "2005.??.??"]
[Source "www.chesslib.no"]
[SourceDate "2004.05.04"]

1. c4 e5 2. Nf3 Nc6 3. g3 g6 4. d4 exd4 5. Nxd4 Bg7 6. Nxc6 bxc6 7. Bg2 Ne7 8. Nc3 Rb8 9. Qa4 a6 10. O-O O-O 11. Rd1 Re8 12. Qa5 d6 13. b3 Bb7 14. Bb2 Qc8 15. c5 d5 16. Na4 Nf5 17. e3 Re7 18. Rac1 Qe6 19. Qb4 Ree8 20. Bxg7 Nxg7 21. Nc3 Qe7 22. e4 Ba8 23. Qa3 dxe4 24. Nxe4 f5 25. Rd7 Qf8 26. Ng5 h6 27. Rf7 Qxf7 28. Nxf7 Kxf7 29. Qxa6 Bb7 30. Qc4+ Kf8 31. Qf4 Re7 32. Qxh6 Kf7 33. h4 Rbe8 34. Bf3 Re5 35. h5 gxh5 36. Bxh5+ Nxh5 37. Qxh5+ Kf6 38. Rd1 R8e7 39. Rd8 Rxc5 1-0

[Event "US Open"]
[Site "United States of America"]
[Date "1987.??.??"]
[Round "7"]
[White "Lindsay, Fred"]
[Black "Silman, Jeremy D"]
[Result "1/2-1/2"]
[WhiteElo "2245"]
[BlackElo "2345"]
[PlyCount "60"]
[EventDate "1987.??.??"]
[Source "www.chesslib.no"]
[SourceDate "2004.05.04"]

1. c4 e5 2. Nf3 e4 3. Nd4 Nc6 4. Nxc6 dxc6 5. Nc3 Nf6 6. d4 c5 7. d5 g6 8. Qc2 Bf5 9. g4 Nxg4 10. Nxe4 Qh4 11. Qa4+ Bd7 12. Qb3 O-O-O 13. Qg3 Qe7 14. Bg2 f5 15. h3 Ne5 16. Nxc5 Qxc5 17. Qxe5 Qxc4 18. Qf4 Bb4+ 19. Kf1 Qxf4 20. Bxf4 Bb5 21. h4 Rhe8 22. Bf3 Bd6 23. Bxd6 Rxd6 24. Rc1 b6 25. h5 Ba6 26. Rh4 Bb7 27. Rhc4 Re7 28. Rd4 Kd8 29. Kg2 Red7 30. Rcd1 Ke7 1/2-1/2

[Event "Raika op 8th"]
[Site "?"]
[Date "1999.08.21"]
[Round "8.4"]
[White "Gorbatow Alexej"]
[Black "Kovacic Peter"]
[Result "1-0"]
[WhiteElo "2353"]
[BlackElo "2218"]
[PlyCount "123"]
[EventDate "1999.??.??"]
[Source "www.chesslib.no"]
[SourceDate "2004.05.04"]

1. c4 e5 2. Nf3 Nc6 3. d4 exd4 4. Nxd4 Bb4+ 5. Bd2 Bxd2+ 6. Qxd2 Nxd4 7. Qxd4 Qf6 8. Qd2 Ne7 9. Nc3 a6 10. e4 d6 11. Be2 Qg6 12. Bf3 Bg4 13. Bxg4 Qxg4 14. O-O O-O 15. f3 Qe6 16. Nd5 Nxd5 17. cxd5 Qd7 18. Rac1 f5 19. Rfe1 fxe4 20. Rxe4 Rfe8 21. Rb4 Rab8 22. Rbc4 Rbc8 23. h3 Qf7 24. Rb4 Rb8 25. Rf4 Qd7 26. Qd3 Re5 27. Rh4 g6 28. Rhc4 Rc8 29. Qb3 b5 30. Rc6 Qe7 31. Kh2 Qh4 32. Qc3 Re7 33. Qd2 Rce8 34. R1c2 Re3 35. Qf2 Qd4 36. Rxc7 Qxd5 37. Qh4 h5 38. Qf6 Qe5+ 39. Qxe5 R3xe5 40. Rd7 Rc5 41. Rd2 d5 42. b4 Rc4 43. R2xd5 Rxb4 44. R5d6 Ra4 45. Rxg6+ Kf8 46. Rgg7 Re2 47. Rdf7+ Ke8 48. Ra7 Kf8 49. Rgf7+ Kg8 50. Rg7+ Kf8 51. Rh7 Kg8 52. Rxh5 Raxa2 53. Rg5+ Kf8 54. h4 Re7 55. Ra8+ Kf7 56. h5 Re6 57. Ra7+ Kf8 58. Rf5+ Kg8 59. Rc5 Kf8 60. Rc8+ Re8 61. Rxe8+ Kxe8 62. h6 1-0

[Event "HUN Ch U18"]
[Site "Paks HUN"]
[Date "1994.??.??"]
[Round "?"]
[White "Juhasz, Laszlo"]
[Black "Ruck, Robert"]
[Result "0-1"]
[WhiteElo "2145"]
[BlackElo "2420"]
[PlyCount "46"]
[EventDate "1994.??.??"]
[Source "www.chesslib.no"]
[SourceDate "2004.05.04"]

1. c4 e5 2. Nf3 Nc6 3. d4 exd4 4. Nxd4 Ne5 5. e3 Nf6 6. Be2 Bb4+ 7. Bd2 Be7 8. f4 Ng6 9. Nc3 O-O 10. Bf3 Re8 11. e4 Bb4 12. Qc2 Bxc3 13. bxc3 Nxe4 14. Bxe4 d5 15. cxd5 Qxd5 16. O-O Rxe4 17. Rae1 Rxe1 18. Rxe1 Bd7 19. f5 Nh4 20. Bg5 Nxf5 21. Nxf5 Bxf5 22. Qa4 Bd7 23. Rd1 Qxg2+ 0-1

[Event "RUS-ch sf"]
[Site "?"]
[Date "2000.??.??"]
[Round "10"]
[White "Nefediev Alexander"]
[Black "Gafner Evgeny J"]
[Result "1/2-1/2"]
[WhiteElo "2304"]
[BlackElo "2258"]
[PlyCount "68"]
[EventDate "2000.??.??"]
[Source "www.chesslib.no"]
[SourceDate "2004.05.04"]

1. c4 e5 2. Nf3 Nc6 3. d4 exd4 4. Nxd4 Nf6 5. Nc3 Bb4 6. Bg5 h6 7. Bh4 Bxc3+ 8. bxc3 Ne5 9. e3 d6 10. Be2 O-O 11. O-O Ng6 12. Bg3 Ne4 13. Qc2 Re8 14. Bf3 Nxg3 15. hxg3 Ne5 16. Be2 Bg4 17. f3 Bd7 18. f4 Ng4 19. Bxg4 Bxg4 20. e4 Qd7 21. Rae1 b6 22. Re3 Re7 23. Rfe1 Rae8 24. Kf2 a5 25. Qb3 Kh8 26. Qb5 Qxb5 27. cxb5 f6 28. a4 Kg8 29. Nc6 Rf7 30. Rd3 Bd7 31. Nd4 Rfe7 32. Rde3 Bg4 33. Nc6 Rf7 34. Nd4 Rfe7 1/2-1/2

[Event "Namses Open"]
[Site "Namses"]
[Date "1995.??.??"]
[Round "?"]
[White "Storland, Knut H"]
[Black "Hoen, Ragnar H"]
[Result "1/2-1/2"]
[WhiteElo "2215"]
[BlackElo "2340"]
[PlyCount "42"]
[EventDate "1995.??.??"]
[Source "www.chesslib.no"]
[SourceDate "2004.05.04"]

1. c4 e5 2. Nf3 Nc6 3. d4 exd4 4. Nxd4 d6 5. b3 Be7 6. Bb2 Bf6 7. e3 Nge7 8. Qd2 O-O 9. Be2 Nxd4 10. Bxd4 Bxd4 11. Qxd4 Nf5 12. Qd2 Be6 13. Nc3 Ne7 14. Bf3 Rb8 15. O-O a6 16. Rac1 f5 17. Rfd1 Ng6 18. Ne2 Qe7 19. Qd4 Rfd8 20. Bd5 c6 21. Bxe6+ Qxe6 1/2-1/2

[Event "Asturias-ch"]
[Site "?"]
[Date "1999.??.??"]
[Round "8"]
[White "Vega Viejo Marcelino"]
[Black "San Claudio Gonzalez Francisc"]
[Result "0-1"]
[WhiteElo "2226"]
[BlackElo "2287"]
[PlyCount "39"]
[EventDate "1999.??.??"]
[Source "www.chesslib.no"]
[SourceDate "2004.05.04"]

1. c4 e5 2. Nf3 e4 3. Nd4 c6 4. d3 exd3 5. Qxd3 Nf6 6. Nc3 d5 7. Bg5 dxc4 8. Qxc4 Be7 9. O-O-O Qa5 10. Bd2 Qc5 11. Qd3 O-O 12. e4 Ng4 13. Nb3 Qxf2 14. Re1 Rd8 15. Qc2 Bg5 16. Bc4 Bxd2+ 17. Nxd2 Ne3 18. Qb3 Qxd2+ 19. Kb1 Nxc4 20. Rd1 0-1

[Event "Corr"]
[Site "?"]
[Date "1997.??.??"]
[Round "?"]
[White "Bruschetta Letterio"]
[Black "Cody Philip C"]
[Result "0-1"]
[WhiteElo "2135"]
[BlackElo "2350"]
[PlyCount "50"]
[EventDate "1997.??.??"]
[Source "www.chesslib.no"]
[SourceDate "2004.05.04"]

1. c4 e5 2. Nf3 e4 3. Nd4 Nc6 4. Nc3 Nxd4 5. e3 Nc6 6. Nxe4 d5 7. cxd5 Qxd5 8. Nc3 Qa5 9. d4 Nf6 10. d5 Nb4 11. e4 Bc5 12. f3 Qb6 13. Qd2 Be3 14. Qe2 Bd4 15. a3 Na6 16. Qb5+ c6 17. Qxb6 axb6 18. Ne2 Be5 19. f4 Bc7 20. Nc3 Nc5 21. dxc6 bxc6 22. e5 Nb3 23. Rb1 Bf5 24. Bc4 Na5 25. exf6 Bxb1 0-1

[Event "MK Cafe Cup-B"]
[Site "?"]
[Date "1998.??.??"]
[Round "3"]
[White "Stanczyk Lech"]
[Black "Kaula Roman"]
[Result "0-1"]
[WhiteElo "2155"]
[BlackElo "2315"]
[PlyCount "104"]
[EventDate "1998.??.??"]
[Source "www.chesslib.no"]
[SourceDate "2004.05.04"]

1. c4 e5 2. Nf3 d6 3. b3 f5 4. d4 e4 5. Nfd2 Nf6 6. e3 c6 7. d5 Be7 8. Bb2 O-O 9. Nc3 Nbd7 10. Be2 Ne5 11. O-O Nfg4 12. h3 Nh6 13. f4 exf3 14. Nxf3 Nxf3+ 15. Bxf3 c5 16. e4 Bf6 17. Qc2 f4 18. Ne2 Bxb2 19. Qxb2 Qg5 20. Kh1 Nf7 21. Ng1 Ne5 22. Qf2 Qh6 23. g4 Bxg4 24. Bxg4 Nxg4 25. Qf3 Ne5 26. Qg2 Rae8 27. Nf3 Nxf3 28. Qxf3 Re5 29. Rae1 g5 30. Rg1 Rfe8 31. Rg4 Kh8 32. Reg1 Rxe4 33. Qc3+ Qg7 34. Qxg7+ Kxg7 35. Rxg5+ Kf6 36. Rg7 R8e7 37. Rg8 Re3 38. Rf8+ Rf7 39. Rxf7+ Kxf7 40. Rf1 Rxh3+ 41. Kg2 Rg3+ 42. Kh2 Rg4 43. Kh3 h5 44. Re1 a6 45. Re2 b5 46. cxb5 axb5 47. a4 Rg3+ 48. Kh4 Rxb3 49. axb5 Rxb5 50. Re6 c4 51. Rxd6 Rc5 52. Re6 c3 0-1

[Event "Halle (Saale)(24.10.-05.11)"]
[Site "?"]
[Date "2004.11.02"]
[Round "8"]
[White "Hottes Dieter"]
[Black "Seredenko Vladimir"]
[Result "0-1"]
[WhiteElo "2157"]
[BlackElo "2287"]
[PlyCount "112"]
[EventDate "2004.??.??"]
[Source "www.chesslib.no"]
[SourceDate "2004.05.04"]

1. c4 e5 2. Nf3 e4 3. Nd4 Nc6 4. Nxc6 dxc6 5. Nc3 Nf6 6. b3 Bc5 7. e3 Bf5 8. Be2 h5 9. Bb2 Qe7 10. Qc2 Ba3 11. Bxa3 Qxa3 12. d4 exd3 13. Bxd3 Bxd3 14. Qxd3 h4 15. h3 Qe7 16. Rd1 Kf8 17. O-O Re8 18. Rfe1 Rh6 19. e4 Rg6 20. e5 Nh5 21. Qf3 Qg5 22. Re4 Rxe5 23. Rg4 Qf6 24. Qxf6 Rxf6 25. Rxh4 Rd6 26. Rxd6 cxd6 27. f4 Ra5 28. a4 g6 29. Kf2 Nf6 30. b4 Rf5 31. Ke3 Kg7 32. Ne4 Nxe4 33. g4 Ng3 34. Kf3 Rf6 35. Kxg3 Re6 36. Kf3 Re1 37. g5 Rb1 38. b5 Rb4 39. f5 gxf5 40. bxc6 bxc6 41. a5 d5 42. Rf4 Rxc4 43. Rxf5 Rc3+ 44. Kg4 d4 45. h4 Rc1 46. Rf6 Rg1+ 47. Kf5 c5 48. Rd6 Rd1 49. h5 d3 50. h6+ Kh7 51. Rd7 Rf1+ 52. Kg4 c4 53. Kh5 Rh1+ 54. Kg4 c3 55. Rxf7+ Kg8 56. Rc7 d2 0-1

[Event "CZE-chT2 9697"]
[Site "Czech Republic"]
[Date "1997.??.??"]
[Round "?"]
[White "Groh, Jiri"]
[Black "Nun, Josef"]
[Result "0-1"]
[WhiteElo "2125"]
[BlackElo "2305"]
[PlyCount "60"]
[EventDate "1996.??.??"]
[Source "www.chesslib.no"]
[SourceDate "2004.05.04"]

1. c4 e5 2. Nf3 e4 3. Ng1 Nf6 4. g3 c6 5. d3 Bb4+ 6. Bd2 Bxd2+ 7. Qxd2 O-O 8. Bg2 d5 9. cxd5 cxd5 10. Nc3 Bf5 11. dxe4 dxe4 12. Qf4 Qa5 13. Nh3 Nc6 14. O-O Nd4 15. Ng5 Qxc3 16. Qxf5 Qxb2 17. Qa5 Nxe2+ 18. Kh1 Nc3 19. Rac1 Rac8 20. Qf5 Rc6 21. a4 Qb4 22. Ra1 h6 23. Nh3 Rc5 24. Qf4 Rd8 25. f3 Ncd5 26. Qh4 exf3 27. Bxf3 Qxh4 28. gxh4 b6 29. Nf2 Ne3 30. Rg1 Rd2 0-1